000 01056nam a22002057a 4500
999 _c60926
_d60926
003 Ge_BSU
005 20231120153119.0
008 231120s2022 ge ||||| |||| 00| 0 geo d
020 _a9789941942242
041 _ageo
080 _a611(075.8) ხ-46
100 _aხეცურიანი, რამაზ
_9629
245 _aადამიანის ანატომია:
_b[სამედიცინო ინსტიტუტის სტუდენტთა სახელმძღვანელო]. 1 ტომი /
_cრამაზ ხეცურიანი; რედაქტორი: ა. შუკაკიძე.
250 _aმესამე გამოცემა
264 _aთბილისი:
_bპეტიტი,
_c2022.
300 _a443 გვ. :
_bფერადი ილუსტრაციები,
_c24 სმ.
653 _aადამიანის ანატომია
700 _a შუკაკიძე, ა.
_eრედაქტორი
_920438
942 _2udc
_cᲬᲘᲒᲜᲘ